LEADER 01141nam--2200361---450- 001 990005816550203316 005 20130312165049.0 010 $a978-88-495-2471-0 035 $a000581655 035 $aUSA01000581655 035 $a(ALEPH)000581655USA01 035 $a000581655 100 $a20130312d2012----km-y0itay50------ba 101 $aita 102 $aIT 105 $a||||||||001yy 200 1 $a<> numeri del diritto del lavoro$ela retribuzione$fGiovanni Di Corrado 210 $aNapoli$cEdizioni scientifiche italiane$d2012 215 $a121 p.$d24 cm 225 2 $aQuaderni de Il diritto del mercato del lavoro$v5 410 0$12001$aQuaderni de Il diritto del mercato del lavoro$v, 5 606 0 $aTrattamento economico$2BNCF 676 $a344.450121 700 1$aDI CORRADO,$bGiovanni$0517045 801 0$aIT$bsalbc$gISBD 912 $a990005816550203316 951 $aXXV.2.C. 533$b75850 G.$cXXV.2.C.$d00313634 959 $aBK 969 $aGIU 979 $aCHIARA$b90$c20130312$lUSA01$h1645 979 $aCHIARA$b90$c20130312$lUSA01$h1650 996 $aNumeri del diritto del lavoro$91088744 997 $aUNISA LEADER 03477oam 2200745I 450 001 9910960502403321 005 20251116205642.0 010 $a1-136-96568-8 010 $a1-136-96569-6 010 $a1-282-62944-1 010 $a9786612629440 010 $a0-203-85091-2 024 7 $a10.4324/9780203850916 035 $a(CKB)2560000000009984 035 $a(EBL)530324 035 $a(OCoLC)642661349 035 $a(SSID)ssj0000417296 035 $a(PQKBManifestationID)11259443 035 $a(PQKBTitleCode)TC0000417296 035 $a(PQKBWorkID)10361690 035 $a(PQKB)10355590 035 $a(MiAaPQ)EBC530324 035 $a(Au-PeEL)EBL530324 035 $a(CaPaEBR)ebr10394348 035 $a(CaONFJC)MIL262944 035 $a(OCoLC)645442628 035 $a(EXLCZ)992560000000009984 100 $a20180706d2010 uy 0 101 0 $aeng 135 $aur|n|---||||| 181 $ctxt 182 $cc 183 $acr 200 14$aThe everyday impact of economic reform in China $emanagement change, enterprise performance and daily life /$fYing Zhu, Michael Webber and John Benson 205 $a1st ed. 210 1$aAbingdon, Oxon ;$aNew York :$cRoutledge,$d2010. 215 $a1 online resource (214 p.) 225 1 $aRoutledge studies in the growth economies of Asia 300 $aDescription based upon print version of record. 311 08$a0-415-73139-9 311 08$a0-415-42841-6 320 $aIncludes bibliographical references and index. 327 $aBook Cover; Title; Copyright; Contents; Illustrations; Authors; Preface; Acknowledgements; Abbreviations; 1 Introduction; 2 Economic reform and its industrial and social impact; 3 Management, workers and conditions of employment; 4 Worker representation and emerging roles for trade unions; 5 Enterprise performance and intangible management; 6 Market-oriented economic reform and the quality of working life; 7 Work, households and livelihoods; 8 Economic reform and its impact on management, enterprises and workers; Bibliography; Index 330 $aDuring the past 30 years, China has undergone extensive economic reform, replacing the government's administration of enterprises with increasing levels of market-oriented enterprise autonomy. At the heart of the reform are changes in the employment relationship, where state control has been superceded by market relationships. These reforms have had far-reaching implications for many aspects of everyday life in Chinese society. This book appraises the impact of the economic reforms on the employment relationship and, in turn, examines the effects on individual workers and their families, in 410 0$aRoutledge studies in the growth economies of Asia. 606 $aIndustrial management$zChina 606 $aBusiness enterprises$zChina 606 $aWorking class$zChina 607 $aChina$xEconomic policy$y2000- 607 $aChina$xEconomic conditions$y2000- 607 $aChina$xSocial conditions$y2000- 615 0$aIndustrial management 615 0$aBusiness enterprises 615 0$aWorking class 676 $a330.951 700 $aZhu$b Ying$f1961-$0923791 701 $aBenson$b John$f1948-$0252668 701 $aWebber$b Michael John$01882925 801 0$bMiAaPQ 801 1$bMiAaPQ 801 2$bMiAaPQ 906 $aBOOK 912 $a9910960502403321 996 $aThe everyday impact of economic reform in China$94498630 997 $aUNINA